[Event "Montreal CMA Futurity ABCD"]
[Site "Montreal"]
[Date "2017.04.14"]
[Round "1"]
[White "Blanchette, Rene"]
[Black "Tsukerman, Julia"]
[Result "1-0"]
[WhiteElo "1712"]
[BlackElo "1396"]
[PlyCount "51"]
[EventDate "2017.04.14"]
[EventType "swiss"]
[EventRounds "5"]
[EventCountry "CAN"]
[SourceTitle "EXT 2022"]
[Source "ChessBase"]
[SourceDate "2021.10.06"]
[SourceVersion "1"]
[SourceVersionDate "2021.10.06"]
[SourceQuality "1"]

1. e4 c5 2. Nf3 d6 3. d4 cxd4 4. Nxd4 Nf6 5. Nc3 a6 6. Bg5 e6 7. f4 Be7 8. Qf3 Nc6 9. 0-0-0 Qc7 10. Nxc6 bxc6 11. e5 Nd5 12. Bxe7 Qxe7 13. Ne4 dxe5 14. fxe5 0-0 15. Bd3 Rb8 16. c3 Bb7 17. Rhf1 c5 18. Qh5 h6 19. Nf6+ Kh8 20. Rf3 Nxf6 21. Rxf6 g6 22. Qxh6+ Kg8 23. Bxg6 fxg6 24. Rxg6+ Kf7 25. Rg7+ Ke8 26. Qg6+ 1-0

[Event "Quebec op U1700"]
[Site "Montreal"]
[Date "2016.07.26"]
[Round "5.4"]
[White "Zheng, Richard"]
[Black "Blanchette, Rene"]
[Result "1/2-1/2"]
[WhiteElo "1398"]
[BlackElo "1610"]
[PlyCount "51"]
[EventDate "2016.07.23"]
[EventType "swiss"]
[EventRounds "8"]
[EventCountry "CAN"]
[SourceTitle "EXT 2022"]
[Source "ChessBase"]
[SourceDate "2021.10.06"]
[SourceVersion "1"]
[SourceVersionDate "2021.10.06"]
[SourceQuality "1"]

1. e4 Nf6 2. e5 Nd5 3. c4 Nb6 4. d4 d6 5. exd6 cxd6 6. Nc3 g6 7. Be3 Bg7 8. h3 0-0 9. Bd3 Nc6 10. Nge2 e5 11. d5 Nd4 12. 0-0 f5 13. f3 Bd7 14. b3 Nxe2+ 15. Bxe2 f4 16. Bd2 Bf5 17. Ne4 Nd7 18. Be1 Bxe4 19. fxe4 Nc5 20. Bf3 a5 21. Bf2 Qc7 22. Rc1 h5 23. Qd2 Rfc8 24. Rc2 b6 25. Rfc1 Bf8 26. Rc3 1/2-1/2

[Event "Lanaudiere U1800"]
[Site "Repentigny"]
[Date "2008.08.16"]
[Round "2"]
[White "Bergeron, Roland"]
[Black "Blanchette, Rene"]
[Result "0-1"]
[WhiteElo "1422"]
[BlackElo "1626"]
[PlyCount "82"]
[EventDate "2008.08.15"]
[EventType "swiss"]
[EventRounds "5"]
[EventCountry "CAN"]
[SourceTitle "EXT 2011"]
[Source "ChessBase"]
[SourceDate "2010.11.26"]
[SourceVersion "1"]
[SourceVersionDate "2010.11.26"]
[SourceQuality "1"]

1. e4 Nf6 2. d3 d5 3. e5 Nfd7 4. d4 e6 5. Nf3 c5 6. c3 Nc6 7. Bb5 Be7 8. 0-0 0-0 9. Be3 cxd4 10. cxd4 f6 11. Bxc6 bxc6 12. Qc2 Ba6 13. Qxc6 Bxf1 14. Qxe6+ Kh8 15. Kxf1 Nb6 16. Nc3 Bb4 17. Rc1 Qc8 18. Qxc8 Raxc8 19. Ke2 Bxc3 20. Rxc3 Rxc3 21. bxc3 Rc8 22. Kd3 Kg8 23. exf6 gxf6 24. Nh4 Na4 25. Bd2 Nb2+ 26. Kc2 Nc4 27. Nf5 Kf7 28. f3 Rb8 29. Bc1 Re8 30. Kd1 Re6 31. g4 Ra6 32. h4 Rxa2 33. h5 Rf2 34. f4 a5 35. Ne3 Nxe3+ 36. Bxe3 Rg2 37. g5 Ke6 38. h6 a4 39. Kc1 Kf5 40. Kb1 fxg5 41. fxg5 Ke4 0-1

[Event "Lanaudiere U1800"]
[Site "Repentigny"]
[Date "2008.08.16"]
[Round "3"]
[White "Blanchette, Rene"]
[Black "Miron, Gilles"]
[Result "1-0"]
[WhiteElo "1626"]
[BlackElo "1393"]
[PlyCount "37"]
[EventDate "2008.08.15"]
[EventType "swiss"]
[EventRounds "5"]
[EventCountry "CAN"]
[SourceTitle "EXT 2011"]
[Source "ChessBase"]
[SourceDate "2010.11.26"]
[SourceVersion "1"]
[SourceVersionDate "2010.11.26"]
[SourceQuality "1"]

1. e4 e6 2. d4 d5 3. Nc3 Bb4 4. e5 c5 5. a3 Bxc3+ 6. bxc3 cxd4 7. cxd4 Ne7 8. a4 0-0 9. Nf3 Nbc6 10. Ba3 Re8 11. Bd3 Nf5 12. 0-0 Nh4 13. c3 a6 14. Nxh4 Qxh4 15. g3 Qd8 16. Qh5 h6 17. f4 f5 18. exf6 Qd7 19. Qg6 1-0